All of Justin Bieber's songs - Statistics

General Stats
  • This quiz has been taken 166 times
    157 since last reset
  • The average score is 58 of 170
Answer Stats
Hint Answer % Correct
My Worlds (International Version) Baby
96%
Never Say Never - The Remixes Never Say Never
85%
Purpose (Deluxe) Sorry
84%
Believe (Deluxe Edition) Boyfriend
78%
Believe Acoustic Boyfriend - Acoustic Version
78%
Purpose (Deluxe) Love Yourself
72%
Purpose (Deluxe) Purpose
72%
Purpose (Deluxe) What Do You Mean?
72%
Purpose (Deluxe) What Do You Mean? - Acoustic
72%
My Worlds (International Version) One Time
68%
Under The Mistletoe (Deluxe Edition) Mistletoe
66%
Believe (Deluxe Edition) As Long As You Love Me
65%
Believe Acoustic As Long As You Love Me - Acoustic Version
65%
My Worlds (International Version) One Less Lonely Girl
65%
Believe (Deluxe Edition) Believe
64%
Justice (The Complete Edition) Peaches
64%
Changes Changes
61%
Journals Confident
61%
My Worlds (International Version) Love Me
61%
Believe (Deluxe Edition) Beauty And A Beat
59%
Believe Acoustic Beauty And A Beat - Acoustic Version
59%
Justice (The Complete Edition) Ghost
59%
Changes Yummy
59%
Changes Yummy - Summer Walker Remix
59%
Justice (The Complete Edition) Somebody
57%
Believe (Deluxe Edition) Maria
54%
Purpose (Deluxe) Company
53%
My Worlds (International Version) Eenie Meenie
53%
Justice (The Complete Edition) Lonely
53%
Justice (The Complete Edition) Holy
51%
Believe (Deluxe Edition) All Around The World
49%
Believe Acoustic All Around The World - Acoustic Version
49%
Journals All That MAtters
47%
Justice (The Complete Edition) Anyone
47%
My Worlds (International Version) Somebody To Love
47%
Never Say Never - The Remixes Somebody To Love Remix
47%
Singles Stay (with The Kid LAROI)
47%
My Worlds (International Version) Favorite Girl
46%
Justice (The Complete Edition) Hold ON
46%
Changes Intentions
46%
Under The Mistletoe (Deluxe Edition) All I Want For Christmas Is You (SuperFestive!) Duet with Mariah Carey
45%
Under The Mistletoe (Deluxe Edition) Fa La LA
45%
Under The Mistletoe (Deluxe Edition) Fa La La - (a cappella)
45%
Believe (Deluxe Edition) Fall
45%
Believe Acoustic Fall - Acoustic Version
45%
My Worlds (International Version) U Smile
45%
Purpose (Deluxe) Children
43%
Justice (The Complete Edition) Hailey
43%
My Worlds (International Version) That Should Be Me
43%
Never Say Never - The Remixes That Should be me
43%
Freedom. Freedom
42%
Purpose (Deluxe) Where Are Ü Now
42%
Believe (Deluxe Edition) Die In Your Arms
41%
My Worlds (International Version) Overboard
39%
Never Say Never - The Remixes Overboard (Live)
39%
My Worlds (International Version) Down To Earth
38%
Purpose (Deluxe) I'll Show You
38%
Purpose (Deluxe) Mark My Words
38%
Journals Roller Coaster
38%
Journals Backpack
36%
Singles Despacito - Remix
36%
Journals Heartbreaker
36%
Justice (The Complete Edition) 2 Much
35%
Journals All Bad
35%
Justice (The Complete Edition) As I Am
35%
Believe (Deluxe Edition) Be Alright
35%
Believe Acoustic Be Alright - Acoustic Version
35%
My Worlds (International Version) Bigger
35%
Purpose (Deluxe) The Feeling
35%
Journals Bad Day
34%
Justice (The Complete Edition) Die For You
34%
Purpose (Deluxe) No Pressure
34%
Justice (The Complete Edition) Off My Face
34%
Under The Mistletoe (Deluxe Edition) Pray
34%
My Worlds (International Version) Stuck In The Moment
34%
Under The Mistletoe (Deluxe Edition) Drummer Boy
32%
Purpose (Deluxe) Life Is Worth Living
32%
My Worlds (International Version) Never Let You Go
32%
Believe (Deluxe Edition) One Love
32%
Journals PYD
32%
Believe (Deluxe Edition) She Don't Like The Lights
32%
Believe Acoustic She Don't Like The Lights - Acoustic Version
32%
Singles Stuck with U (with Ariana Grande)
32%
Believe (Deluxe Edition) Take You
32%
Believe Acoustic Take You - Acoustic Version
32%
My Worlds (International Version) | Never Say Never - The Remixes Up
32%
Journals Flatline
31%
Purpose (Deluxe) No Sense
31%
Believe (Deluxe Edition) Right Here
31%
My Worlds (International Version) Common Denominator - iTunes Bonus
30%
Singles I Don't Care (with Ed Sheeran)
30%
Changes All Around Me
28%
Purpose (Deluxe) Been You
28%
Changes Forever
28%
Changes Habitual
28%
Journals Recovery
28%
Journals Swap It Out
28%
Justice (The Complete Edition) Unstable
28%
Believe (Deluxe Edition) Catching Feeling
27%
Justice (The Complete Edition) Deserve You
27%
Singles Friends
27%
Journals Hold Tight
27%
Journals Memphis
27%
My Worlds (International Version) Runaway Love
27%
Never Say Never - The Remixes Runaway Love - Kanye West Remix
27%
Under The Mistletoe (Deluxe Edition) Santa Claus Is Coming To Town
27%
Purpose (Deluxe) Trust
27%
Journals Change Me
26%
Changes Come Around Me
26%
My Worlds (International Version) First Dance
26%
Believe (Deluxe Edition) Out Of Town Girl
26%
Believe (Deluxe Edition) Thought Of You
26%
Changes Confirmation
24%
Purpose (Deluxe) Get Used To It
24%
Justice (The Complete Edition) Love You Different
24%
Believe Acoustic Nothing Like Us
24%
Journals One Life
24%
Justice (The Complete Edition) Red eye
24%
Under The Mistletoe (Deluxe Edition) Silent Night
24%
Purpose (Deluxe) All In It
23%
Changes E.T.A.
23%
Changes That's What Love Is
23%
Purpose (Deluxe) We Are
23%
Under The Mistletoe (Deluxe Edition) Christmas Eve
22%
Believe Acoustic I Would
22%
Justice (The Complete Edition) Lifetime
22%
Justice (The Complete Edition) Name
22%
Under The Mistletoe (Deluxe Edition) All I Want Is YOu
20%
Believe (Deluxe Edition) Fairytale
20%
Justice (The Complete Edition) Loved By You
20%
Journals What's Hatnin'
20%
Changes Get Me
19%
Justice (The Complete Edition) I Can't Be Myself
19%
Singles No Brainer
19%
Changes Second Emotion
19%
Believe Acoustic Yellow Raincoat
19%
Changes Available
18%
Justice (The Complete Edition) MLK INterlude
18%
Justice (The Complete Edition) There She Go
18%
Justice (The Complete Edition) Angels Speak
16%
Singles Honest
16%
Changes Running Over
16%
Singles 10,000 Hours (with Dan + Shay)
15%
Never Say Never - The Remixes Born To Be Somebody
15%
Under The Mistletoe (Deluxe Edition) Home This Christmas
15%
Justice (The Complete Edition) Know No Better
15%
Freedom. All She Wrote
14%
Changes At Least For Now
14%
Under The Mistletoe (Deluxe Edition) Christmas Love
14%
Changes Take It Out On Me
14%
Under The Mistletoe (Deluxe Edition) The Christmas Song (Chestnuts Roasting On An Open Fire)
14%
Freedom. We're In This Together
14%
Justice (The Complete Edition) Wish You Would
14%
Freedom. Where Do I Fit In
12%
Singles Attention
11%
Under The Mistletoe (Deluxe Edition) Only Thing I Ever Get For Christmas
11%
Under The Mistletoe (Deluxe Edition) Someday At Christmas
11%
Freedom. Where You Go I Follow
9%
Freedom. Afraid To Say
8%
Singles Beautiful Love - Free Fire
8%
Singles Don't Go
8%
Singles Essence
8%
Freedom. Turn To You - (Mother's Day Dedication)
8%
Singles bad guy (with Billie Eilish)
7%
Singles I Feel Funny
7%
Singles Mood
7%
Singles lonely christmas
5%
Singles up at night
4%
Singles Wait For A Minute
4%
No matching quizzes found
Score Distribution
Percent of People with Each Score
Percentile by Number Answered
Your Score History
You have not taken this quiz since the last reset